000 00578nam a2200193Ia 4500
003 IN-BaIIA
008 211028s9999 xx 000 0 eng d
020 _a90-5699-012-8
040 _cIIA Library
080 _a524.38(083.8)
_bCHE-I
100 _aCherepashchuk, A. M
_920865
245 0 _aHighly evolved close binary stars
_cA. M Cherepashchuk
260 _aAustralia
_bGordon and Breach Science
_c1996
300 _axv, 346p.
650 _aBinary stars
_91185
650 _aStars
650 _aStars - catalog
_920866
942 _cBK
999 _c11998
_d11998